Bandeiras de Países Extintos - Statistics

Estatísticas Gerais
  • Esse quiz foi jogado 386 vezes
  • A pontuação média é 7 de 20
Estatísticas das Respostas
Imagem Resposta % Correto
União Soviética
98%
Iugoslávia
71%
Alemanha Ocidental
70%
Alemanha Oriental
70%
Checoslováquia
63%
Império Austro-Húngaro
45%
Coreia Unificada
34%
Zaire
33%
República do Acre
32%
Prussia
26%
Sérvia e Montenegro
19%
Vietnã do Sul
19%
Iêmen do Sul
15%
República Rio-Grandense
13%
Iêmen do Norte
12%
Império Austríaco
12%
Rhodesia
8%
Biafra
7%
Império Etíope
6%
Anjouan
1%
Nenhum quiz correspondente encontrado
Distribuição das Pontuações
Porcentagem de Pessoas com Cada Pontuação
Percentil de Números Respondidos
Sua Pontuação Histórica
Você não jogou esse quiz